Quiz sur la Haute-Garonne - Statistiques

Statistiques générales
  • Ce quiz a été pris 187 fois
  • Le résultat moyen est 15 sur 20
Statistiques - réponses
Question Réponse % Correct
Numéro de département 31
100%
Région Occitanie
98%
Préfecture Toulouse
98%
Pays limitrophe Espagne
97%
Sport dans lequel une équipe du département est l'équipe française et européenne la plus titrée. Le rugby
93%
Tarn
92%
Constructeur aéronautique étroitement lié au département. Airbus
90%
Tarn-et-Garonne
89%
Départements limitrophes Ariège
88%
Gers
82%
Hautes-Pyrénées
82%
Aude
80%
Chanteur qui a chanté sa ville de naissance et dispose aujourd'hui d'une station de métro, d'un jardin et d'une statue dans la préfecture. Claude Nougaro
75%
Cours d'eau artificiel inscrit à l'UNESCO qui débute dans le nord du département. Le Canal du Midi
73%
Gentilé Haut-Garonnais
66%
Sous-préfectures Muret
62%
Saint-Gaudens
58%
Ce bâtiment est le plus grand édifice roman d'Europe. La Basilique Saint-Sernin
35%
Commune thermale de l'extrême-sud du département surnommée ''la reine des Pyrénées''. Bagnères-de-Luchon
33%
Nombre d'habitants (arrondi à la dizaine de milliers d'habitants) 1 400 000 (1 362 672)
23%
Aucun quiz correspondant
Distribution des résultats
% des personnes avec chaque résultat
Percentile par nombre de réponses
Votre historique - résultats
Vous n’avez pas pris ce quiz